Collins dictionary of business

Αποθηκεύτηκε σε:
Λεπτομέρειες βιβλιογραφικής εγγραφής
Άλλοι συγγραφείς: Pass, C. L.
Μορφή: Βιβλίο
Γλώσσα:English
Δημοσίευση: Glasgow : HarperCollins, c1995
Έκδοση:2nd ed.
Θέματα:
Ετικέτες: Προσθήκη ετικέτας
Δεν υπάρχουν, Καταχωρήστε ετικέτα πρώτοι!

MARC

LEADER 00000nam a2200000 i 4500
001 1/79631
008 990506s1995 eng d
020 |a 0004708032 
035 |l 10050432 
040 |a GR-MY-UA  |b gre  |e aacr 
041 0 |a eng 
082 0 |a 650.03 
245 1 0 |a Collins dictionary of business /  |c Christopher Pass ... [κ.ά.] 
250 |a 2nd ed. 
260 |a Glasgow :   |b HarperCollins,   |c c1995 
300 |a 706 σ.;  |b εικ.;  |c 20 εκ. 
650 0 0 |a Business  |x Dictionaries. 
650 0 0 |a Business  |x Terminology. 
700 1 |a Pass, C. L. 
852 |a INST  |b LESVOS  |e 19990506  |h 650.03 COL  |p 005100020045  |q 005100020045  |t REF  |y 23 
901 |a BIBL1-1999-2 
909 |a Λ  |b 062659 
922 |a 1ΕΛΗ  |b 199812  |c ΚΠΣ/ΚΥΒ  |d LEADER 
950 |a 023-1998-09-14 
970 |a ΤΖΑΦΕΡΗ  |b ΕΥΑΓΓΕΛΙΑ  |z 1999/07/01